000 00391nam a2200169Ia 4500
001 8890
003 IN-NITTTR
005 20251114233042.0
008 251113s9999||||xx |||||||||||||| ||eng||
040 _beng
040 _cIN-NITTTR
041 _aeng
082 _a181.482 W258D
100 _aWarrier, A.G.Krishna.
245 0 _aGod in advaita /
_cWarrier, A.G.Krishna.
942 _2ddc
_cBK
999 _c11527
_d11527